000 01993cam a2200337 a 4500
005 20031230185550.0
008 940308s1993 enkab b 001 0 eng
010 _aENG-101662 B-425286-291
020 _c295.00
_a9788184000498
035 _aEN-85195 B-425856-291
037 _bRBC/VEN
040 _adpl
_bEng
082 _aS
100 1 _922405
_aManto, Saadat Hasan
245 1 0 _aSelected stories /
_cby Saadat Hasan Manto; translated by Aatish Taseer
260 _aNoida
_bRandom House India
_c2008
270 _aMind Mill Corporate Tower, 2nd Floor, Plot No 24A Sector 16A,
_bNoida
_e201301
300 1 _axxxiii,136p.
_c20cm (Hb)
650 0 _922448
651 _922481
700 _922431
_aTaseer, Aatish
942 _2ddc
_cEN
_mMAN
_hS
999 _c48269
_d48269